LEADER 02142nam 2200445Ia 450 001 996409015103316 005 20220124163228.0 024 8 $aocn951968370 035 $a(CKB)4940000000597924 035 $a(OCoLC)951968370 035 $a(OCoLC)ocn951968370 035 $a(OCoLC)9930369500971 035 $a(EXLCZ)994940000000597924 100 $a20160621d1682 uy | 101 0 $aeng 135 $aurbn#|||a|bb| 200 10$aAnno Regni Caroli II. Regis Angliae, Scotiae, Franciae & Hiberniae, tricesimo secundo$b[electronic resource] $eat the Parliament summoned to begin at Westminster on the seventeenth day of October, 1679 in the one and thirtieth year of Our Sovereign Lord Charles the Second by the Grace of God of England, Scotland, France and Ireland King, Defender of the Faith, &c. and by several prorogations continued to the 21st day of October, 1680 in the 32d year of His said Majesties reign : and thence continued to the 10th of January next ensuing, on which day the following acts passed the Royal assent 210 $aLondon $cPrinted by the assigns of John Bill, Thomas Newcomb, and Henry Hills, printers to the Kings Most Excellent Majesty$d1682 215 $a12 p 300 $a"Cum privilegio." 300 $aPlace and date of publication suggested by Wing (2nd ed., 1994). 300 $aReproduction of original in: Yale University Library. 517 3 $aAdditional act for burying in woollen 517 3 $aAct prohibiting the importation of cattel from Ireland 606 $aWoolen goods industry$vEarly works to 1800 606 $aCattle$zIreland$vEarly works to 1800 606 $aImport quotas$vEarly works to 1800 610 6$aOrdinances, edicts, proclamations 615 0$aWoolen goods industry 615 0$aCattle 615 0$aImport quotas 712 02$aAssigns of John Bill, 712 02$aAssigns of Thomas Newcomb, 712 02$aAssigns of Henry Hills, 801 0$bUMI 801 1$bUMI 906 $aBOOK 912 $a996409015103316 996 $aAnno Regni Caroli II. Regis Angliae, Scotiae, Franciae & Hiberniae, tricesimo secundo$92566577 997 $aUNISA